[Event "Bavaria-ch 94th"]
[Site "Rosenheim"]
[Date "2023.08.23"]
[Round "5"]
[White "Fuchs, Michael"]
[Black "Ziemann, Ulrich"]
[Result "1/2-1/2"]
[WhiteElo "1988"]
[BlackElo "1921"]
[PlyCount "43"]
[EventDate "2023.08.20"]
[EventType "tourn"]
[EventRounds "9"]
[EventCountry "GER"]
[SourceTitle "CBM 215 Extra"]
[Source "ChessBase"]
[SourceDate "2023.09.30"]
[SourceVersion "1"]
[SourceVersionDate "2023.09.30"]
[SourceQuality "1"]

1. Nf3 d5 2. e3 Nf6 3. c4 e6 4. Nc3 Be7 5. d4 c6 6. Bd3 Nbd7 7. 0-0 dxc4 8. Bxc4 b5 9. Bd3 a6 10. Qe2 c5 11. dxc5 Nxc5 12. Bc2 Qc7 13. a3 Ncd7 14. e4 Bb7 15. Bg5 Ne5 16. Nxe5 Qxe5 17. f4 Qc7 18. Rac1 Rc8 19. f5 e5 20. Be3 Qb6 21. Kh1 0-0 22. Rcd1 1/2-1/2

[Event "Bavaria-ch 94th"]
[Site "Rosenheim"]
[Date "2023.08.20"]
[Round "1"]
[White "Boehme, Markus"]
[Black "Ziemann, Ulrich"]
[Result "1-0"]
[WhiteElo "2144"]
[BlackElo "1921"]
[PlyCount "103"]
[EventDate "2023.08.20"]
[EventType "tourn"]
[EventRounds "9"]
[EventCountry "GER"]
[SourceTitle "CBM 215 Extra"]
[Source "ChessBase"]
[SourceDate "2023.09.30"]
[SourceVersion "1"]
[SourceVersionDate "2023.09.30"]
[SourceQuality "1"]

1. e4 e5 2. Nf3 Nc6 3. Bc4 Bc5 4. c3 Nf6 5. d3 d6 6. 0-0 a6 7. a4 Ba7 8. Re1 Be6 9. Bxe6 fxe6 10. Be3 Bxe3 11. Rxe3 0-0 12. h3 Qd7 13. b4 Ne7 14. Nbd2 Ng6 15. a5 d5 16. Qc2 Qd6 17. d4 Nd7 18. dxe5 Ndxe5 19. Nxe5 Nxe5 20. Rae1 d4 21. cxd4 Qxd4 22. Qc3 Rad8 23. Nb3 Qxc3 24. Rxc3 Nd3 25. Rd1 Nxb4 26. Rxd8 Rxd8 27. Rxc7 Rd1+ 28. Kh2 Nc6 29. Rxb7 Rb1 30. Rc7 Nd8 31. Rc8 Rxb3 32. Rxd8+ Kf7 33. Ra8 h5 34. h4 Ra3 35. Rxa6 Kf6 36. f3 Ra2 37. Kg3 Ke5 38. f4+ Kxe4 39. Rxe6+ Kf5 40. Re5+ Kg6 41. Rg5+ Kh6 42. Kf3 Ra3+ 43. Ke2 Rc3 44. Kd2 Rc6 45. Kd3 g6 46. Kd4 Rc1 47. Kd5 Rc2 48. Kd6 Kg7 49. f5 Kf6 50. fxg6 Kg7 51. Rxh5 Kxg6 52. Rc5 1-0

[Event "Regionalliga Nord-Ost 1819"]
[Site "Bayern"]
[Date "2018.12.16"]
[Round "4.4"]
[White "Ziemann, Ulrich"]
[Black "Redzepovic, Irfan"]
[Result "1-0"]
[WhiteElo "1974"]
[BlackElo "2026"]
[PlyCount "71"]
[EventDate "2018.10.21"]
[EventType "team-tourn"]
[EventRounds "9"]
[EventCountry "GER"]
[SourceTitle "EXT 2022"]
[Source "ChessBase"]
[SourceDate "2021.10.06"]
[SourceVersion "1"]
[SourceVersionDate "2021.10.06"]
[SourceQuality "1"]
[WhiteTeam "Bad Koetzting"]
[BlackTeam "Nuernberg Sued SW II"]
[WhiteTeamCountry "GER"]
[BlackTeamCountry "GER"]

1. e4 e5 2. Nc3 Bc5 3. Bc4 Nf6 4. Nf3 d6 5. d3 c6 6. 0-0 Bg4 7. h3 Bh5 8. Re1 Nbd7 9. Be3 Bb4 10. Bd2 b5 11. Bb3 Nc5 12. Ne2 Bxd2 13. Nxd2 Qb6 14. a4 bxa4 15. Bxa4 0-0 16. Nc4 Qc7 17. Ne3 d5 18. f3 Rfd8 19. Qc1 Rab8 20. Kh1 Bg6 21. Ng3 Rb6 22. Ngf5 Rdb8 23. b3 Ra6 24. Qa3 Ra5 25. g4 Bxf5 26. Nxf5 g6 27. Qc1 Ne6 28. Qh6 d4 29. Qh4 gxf5 30. gxf5 Ng7 31. Qxf6 Qd8 32. Qh6 f6 33. Bxc6 Rxa1 34. Rxa1 Kh8 35. Rxa7 Qf8 36. Bd5 1-0

[Event "Oberpfalz-ch M1"]
[Site "Bad Koetzting"]
[Date "2018.03.25"]
[Round "3"]
[White "Schindler, Tobias"]
[Black "Ziemann, Ulrich"]
[Result "1/2-1/2"]
[WhiteElo "1888"]
[BlackElo "1834"]
[PlyCount "49"]
[EventDate "2018.03.24"]
[EventType "swiss"]
[EventRounds "8"]
[EventCountry "GER"]
[SourceTitle "EXT 2020"]
[Source "ChessBase"]
[SourceDate "2019.10.17"]
[SourceVersion "1"]
[SourceVersionDate "2019.10.17"]
[SourceQuality "1"]

1. c4 e5 2. g3 d6 3. Bg2 g6 4. Nc3 Bg7 5. e4 Ne7 6. Nge2 0-0 7. 0-0 c6 8. d3 Na6 9. Be3 Nc7 10. d4 f5 11. dxe5 dxe5 12. Qc2 Ne6 13. Rad1 Qc7 14. exf5 Nxf5 15. Ne4 Nxe3 16. fxe3 Bd7 17. Rxf8+ Rxf8 18. c5 Nd8 19. Nd6 Be6 20. Nc3 Nf7 21. Nce4 Bd5 22. Nxf7 Bxe4 23. Bxe4 Qxf7 24. b3 Qe7 25. Bg2 1/2-1/2

[Event "Landesliga Nord 1718"]
[Site "Bayern"]
[Date "2017.10.22"]
[Round "1.8"]
[White "Bunk, Wolfgang"]
[Black "Ziemann, Ulrich"]
[Result "1-0"]
[WhiteElo "2013"]
[BlackElo "1890"]
[PlyCount "95"]
[EventDate "2017.10.22"]
[EventType "team-tourn"]
[EventRounds "9"]
[EventCountry "GER"]
[SourceTitle "EXT 2022"]
[Source "ChessBase"]
[SourceDate "2021.10.06"]
[SourceVersion "1"]
[SourceVersionDate "2021.10.06"]
[SourceQuality "1"]
[WhiteTeam "Regensburg Bavaria"]
[BlackTeam "Bad Koetzting"]
[WhiteTeamCountry "GER"]
[BlackTeamCountry "GER"]

1. d4 Nf6 2. c4 e6 3. Nc3 Bb4 4. Qc2 c5 5. dxc5 Bxc5 6. Nf3 b6 7. g3 Bb7 8. Bg2 Nc6 9. 0-0 0-0 10. Rd1 h6 11. a3 Ng4 12. Ne4 f5 13. Nxc5 bxc5 14. Bf4 Nf6 15. Bd6 Rf7 16. Bxc5 Ne4 17. Bd6 Qf6 18. Qb3 Nxd6 19. Rxd6 Rb8 20. Qc2 Ne5 21. Nxe5 Qxe5 22. Rd2 Bxg2 23. Kxg2 f4 24. Rad1 fxg3 25. hxg3 h5 26. Rh1 Rf5 27. Rh4 d6 28. e3 Qf6 29. Rf4 Rxf4 30. exf4 Rb6 31. b4 Qe7 32. Qe4 Kf7 33. Qh7 Qb7+ 34. f3 Ra6 35. Qxh5+ Kf8 36. Qh8+ Kf7 37. Qh5+ Kf8 38. Rd3 Qc6 39. Qb5 Qxb5 40. cxb5 Rb6 41. Rc3 Rxb5 42. Rc8+ Ke7 43. Rc7+ Kf6 44. Rxa7 g6 45. Ra5 Rb8 46. Kf2 Rc8 47. b5 d5 48. a4 1-0

[Event "Regionalliga NO 1314"]
[Site "Bayern"]
[Date "2014.04.06"]
[Round "9.8"]
[White "Ziemann, Ulrich"]
[Black "Hein, Manfred"]
[Result "1-0"]
[WhiteElo "1753"]
[BlackElo "1942"]
[PlyCount "113"]
[EventDate "2013.10.13"]
[EventType "team-tourn"]
[EventRounds "9"]
[EventCountry "GER"]
[SourceTitle "EXT 2015"]
[Source "ChessBase"]
[SourceDate "2014.11.20"]
[SourceVersion "1"]
[SourceVersionDate "2014.11.20"]
[SourceQuality "1"]
[WhiteTeam "Bad Koetzting"]
[BlackTeam "Gunzenhausen"]
[WhiteTeamCountry "GER"]
[BlackTeamCountry "GER"]

1. d4 d5 2. c4 c6 3. Nf3 Nf6 4. Nc3 e6 5. e3 Nbd7 6. Be2 Bd6 7. 0-0 0-0 8. Bd2 Re8 9. Rc1 Ne4 10. Qc2 Nxd2 11. Nxd2 dxc4 12. Nxc4 Be7 13. Rfd1 Nb6 14. a3 Nxc4 15. Bxc4 Qa5 16. f4 Bd7 17. Kh1 Rac8 18. Ne4 Red8 19. h3 h6 20. Kg1 Qb6 21. b4 a5 22. Nc5 axb4 23. axb4 Ra8 24. Qb3 Be8 25. Nd3 Kf8 26. Nc5 Bxc5 27. dxc5 Qc7 28. Rxd8 Rxd8 29. Rd1 Ra8 30. Qc2 g6 31. Qd3 b5 32. Bb3 Ra3 33. Qc3 Kg8 34. Ra1 Rxa1+ 35. Qxa1 Qd7 36. Qd1 Qc7 37. Qd6 Qxd6 38. cxd6 Bd7 39. e4 f6 40. Kf2 Kf8 41. e5 Kg7 42. Ke3 g5 43. g3 gxf4+ 44. gxf4 fxe5 45. fxe5 Kg6 46. Kf4 Kh5 47. Kg3 Kg5 48. Bc2 h5 49. h4+ Kh6 50. Kf4 Be8 51. Ke3 c5 52. bxc5 b4 53. Kd4 Bb5 54. Bd3 Ba4 55. Kc4 b3 56. Kb4 Bc6 57. Kxb3 1-0

[Event "Regionalliga NO 1314"]
[Site "Bayern"]
[Date "2014.03.16"]
[Round "8.8"]
[White "Alsheimer, Lea"]
[Black "Ziemann, Ulrich"]
[Result "0-1"]
[WhiteElo "1465"]
[BlackElo "1753"]
[PlyCount "80"]
[EventDate "2013.10.13"]
[EventType "team-tourn"]
[EventRounds "9"]
[EventCountry "GER"]
[SourceTitle "EXT 2015"]
[Source "ChessBase"]
[SourceDate "2014.11.20"]
[SourceVersion "1"]
[SourceVersionDate "2014.11.20"]
[SourceQuality "1"]
[WhiteTeam "Bechhofen"]
[BlackTeam "Bad Koetzting"]
[WhiteTeamCountry "GER"]
[BlackTeamCountry "GER"]

1. e4 e5 2. Nf3 Nc6 3. Bc4 Bc5 4. 0-0 Nf6 5. d4 Bxd4 6. Nxd4 Nxd4 7. Be3 Nc6 8. Nc3 d6 9. f4 0-0 10. Qf3 Be6 11. Be2 Bg4 12. Qf2 Bxe2 13. Qxe2 exf4 14. Rxf4 Re8 15. Raf1 Ne5 16. Bd4 c6 17. Qf2 Re7 18. Rxf6 gxf6 19. Qg3+ Kh8 20. Rxf6 Qg8 21. Qf4 Qg7 22. Rxd6 Rae8 23. Ne2 Kg8 24. Rh6 Qg4 25. Bxe5 Qxf4 26. Nxf4 Rxe5 27. Nh5 Rxe4 28. Nf6+ Kg7 29. Nxe8+ Kxh6 30. Nd6 Re2 31. Nxf7+ Kg6 32. Nd6 Rxc2 33. Nxb7 Rxb2 34. Na5 c5 35. a3 Ra2 36. Nc4 Kf6 37. h4 Ke6 38. Kh2 Kd5 39. Ne3+ Kd4 40. Nf5+ Kd3 0-1

[Event "Regionalliga NO 1314"]
[Site "Bayern"]
[Date "2014.02.09"]
[Round "6.8"]
[White "Ziemann, Ulrich"]
[Black "Weber, Robert1"]
[Result "1/2-1/2"]
[WhiteElo "1753"]
[BlackElo "1822"]
[PlyCount "83"]
[EventDate "2013.10.13"]
[EventType "team-tourn"]
[EventRounds "9"]
[EventCountry "GER"]
[SourceTitle "EXT 2015"]
[Source "ChessBase"]
[SourceDate "2014.11.20"]
[SourceVersion "1"]
[SourceVersionDate "2014.11.20"]
[SourceQuality "1"]
[WhiteTeam "Bad Koetzting"]
[BlackTeam "Kareth Lappersdorf II"]
[WhiteTeamCountry "GER"]
[BlackTeamCountry "GER"]

1. d4 Nf6 2. c4 g6 3. Nf3 Bg7 4. Nc3 d6 5. e4 0-0 6. Bf4 Bg4 7. Be2 Nbd7 8. 0-0 c6 9. Qd2 Re8 10. Rad1 Qa5 11. a3 a6 12. b4 Qc7 13. e5 dxe5 14. Nxe5 Bxe2 15. Nxd7 Qxd7 16. Qxe2 Qf5 17. Be5 Rad8 18. h3 h5 19. Rfe1 Bh6 20. Na4 Nd7 21. Bg3 b5 22. Nc5 Nxc5 23. dxc5 Bg5 24. cxb5 axb5 25. Bc7 Ra8 26. Qd3 Qxd3 27. Rxd3 Bf6 28. Ba5 Ra7 29. Red1 Bb2 30. Rb3 Be5 31. a4 bxa4 32. Ra3 Rea8 33. Rb1 Bc7 34. Bxc7 Rxc7 35. b5 cxb5 36. Rxb5 Rac8 37. Rxa4 Rxc5 38. Rb7 R8c7 39. Ra8+ Kg7 40. Rbb8 Rf5 41. Ra2 Kf6 42. g3 1/2-1/2